LIBRARY & INFORMATION CENTRE, KCAET, TAVANUR

ONLINE PUBLIC ACCESS CATALOGUE (OPAC)

Ozone treatments for improving the quality parameters and surface decontamination of tomato / (Record no. 19467)

MARC details
000 -LEADER
fixed length control field 00415nam a22001457a 4500
003 - CONTROL NUMBER IDENTIFIER
control field OSt
082 ## - DEWEY DECIMAL CLASSIFICATION NUMBER
Classification number 664
Item number ARD/OZ
088 ## - REPORT NUMBER
Report number T 535
100 ## - MAIN ENTRY--AUTHOR NAME
Personal name Ardra C Babu
245 ## - TITLE STATEMENT
Title Ozone treatments for improving the quality parameters and surface decontamination of tomato /
260 ## - PUBLICATION, DISTRIBUTION, ETC. (IMPRINT)
Place of publication Tavanur :
Name of publisher Department of Processing & Food Engineering,
Year of publication 2022.
300 ## - PHYSICAL DESCRIPTION
Number of Pages 195 p.
700 ## - ADDED ENTRY--PERSONAL NAME
Personal name Rajesh G. K
942 ## - ADDED ENTRY ELEMENTS (KOHA)
Koha item type Theses
Holdings
Home library Current library Full call number Accession Number Koha item type Public note
KAUAET KAUAET 664 ARD/OZ T 535 Theses M.Tech Thesis
free website counter